Normal view
MARC view
- Litton, Gaston,
Entry Nombre Personal
001 - NUMERO DE CONTROL
- campo de control: 28976
003 - IDENTIFICADOR DE NUMERO DE CONTROL
- campo de control: UPN
005 - FECHA Y HORA DE LA ÜLTIMA TRANSACCIÓN
- campo de control: 20210219194359.0
008 - DATOS DE LONGITUD FIJA
- campo de control de longitud fija: nabaccnnaabn|||||||||| b |nc|||||d
035 ## - NUMERO DE CONTROL
- Número de control: UPN11000001082
040 ## - FUENTE DE CATALOGACIÓN
- Lenguaje de catalogación: SPA
- Agencia de transcripción: UPN
100 1# - ENCABEZAMIENTO - NOMBRE PERSONAL
- Nombre personal: Litton, Gaston,
- Fechas asociadas con el nombre: 1913-1996
670 ## - FUENTE EN LA QUE SE LOCALIZARON DATOS
- Cita de la fuente: T
- Uniform Resource Identifier: http://pionerosbibliotecologia.blogspot.com/2008/10/gaston-litton.html
680 ## - NOTA PUBLICA DE ACCESO PÚBLICO
- Frase explicativa de la referencia: Bibliotecólogo estadounidense
902 ## - CATALOGADOR
- Catalogador: DAA/250208
